Finish the Famous Hagrid Quote Quiz Stats

 Plays Quiz Updated Jun 24, 2018

Score 0/21 Timer 05:00
0 Plays Today
% Correct
Needs
92.8%
Do
92.8%
Anymore
92.8%
Sidecar
92.6%
Die
92.4%
Laugh
92.4%
Tha'
91.6%
Does
91.2%
D-dead
90.6%
Spiders
90.2%
Cabbages
89.5%
% Correct
Bristol
89.3%
With
88.4%
Interferin'
88.1%
Prune
86.7%
Things
86.1%
Witherwings
84.8%
Pets
84.2%
It
80.1%
Pekingese
75.9%
Rats
60.4%

You're not logged in!

Compare scores with friends on all Sporcle quizzes.
OR
Log In

Show Comments

Extras

Top Quizzes Today


Score Distribution

Your Account Isn't Verified!

In order to create a playlist on Sporcle, you need to verify the email address you used during registration. Go to your Sporcle Settings to finish the process.

Report this User

Report this user for behavior that violates our Community Guidelines.

Details: